LDR 00618naa#a2200181#i#450# 001 EN\\bibl\118735 005 20260419122008.7 011 ## _a1994-4683 100 ## _a20230428b2023####ek#y0engy0150####ca 102 ## _aRU 200 1# _aSPARTAKIAD - RELIEF OF THE SOVIET PAST OR A NEED IN MODERN RUSSIA _eJournal article 210 1# _aMoscow _cNational State University of Physical Education, Sports and Health named after P.F. Lesgaft _d2023 215 ## _a4 с. 608 ## _aJournal article _2local 675 ## _aСпартакиады. 796.093.412 _z 700 #1 _aPetrov _gN YU 700 #1 _aSHarmanova _gE D 856 4# _auchzapiski.lesgaft.spb.ru _u